<?xml version="1.0" encoding="UTF-8"?>
<record
    xmlns:xsi="http://www.w3.org/2001/XMLSchema-instance"
    xsi:schemaLocation="http://www.loc.gov/MARC21/slim http://www.loc.gov/standards/marcxml/schema/MARC21slim.xsd"
    xmlns="http://www.loc.gov/MARC21/slim">

  <leader>00481nam a2200181Ia 4500</leader>
  <controlfield tag="005">20260514122850.0</controlfield>
  <controlfield tag="008">260514s9999    xx            000 0 und d</controlfield>
  <datafield tag="020" ind1=" " ind2=" ">
    <subfield code="a">9788184956030</subfield>
  </datafield>
  <datafield tag="041" ind1=" " ind2=" ">
    <subfield code="a">eng</subfield>
  </datafield>
  <datafield tag="082" ind1=" " ind2=" ">
    <subfield code="a">709.015 MIC B2278</subfield>
  </datafield>
  <datafield tag="100" ind1=" " ind2=" ">
    <subfield code="a">Michell George </subfield>
    <subfield code="9">217705</subfield>
  </datafield>
  <datafield tag="245" ind1=" " ind2=" ">
    <subfield code="a">Elephanta</subfield>
  </datafield>
  <datafield tag="260" ind1=" " ind2=" ">
    <subfield code="b">Jaico Publishing House</subfield>
    <subfield code="a">Mumbai</subfield>
  </datafield>
  <datafield tag="300" ind1=" " ind2=" ">
    <subfield code="a">144</subfield>
  </datafield>
  <datafield tag="500" ind1=" " ind2=" ">
    <subfield code="a">HT</subfield>
  </datafield>
  <datafield tag="650" ind1=" " ind2=" ">
    <subfield code="a">Cave temples&#x2014;India</subfield>
    <subfield code="9">217706</subfield>
  </datafield>
  <datafield tag="650" ind1=" " ind2=" ">
    <subfield code="a">Elephanta Caves (India)&#x2014;Guidebooks</subfield>
    <subfield code="9">217707</subfield>
  </datafield>
  <datafield tag="999" ind1=" " ind2=" ">
    <subfield code="c">370918</subfield>
    <subfield code="d">370918</subfield>
  </datafield>
  <datafield tag="952" ind1=" " ind2=" ">
    <subfield code="0">0</subfield>
    <subfield code="1">0</subfield>
    <subfield code="4">0</subfield>
    <subfield code="7">0</subfield>
    <subfield code="8">HT</subfield>
    <subfield code="a">MNVT</subfield>
    <subfield code="b">MNVT</subfield>
    <subfield code="d">2026-03-27</subfield>
    <subfield code="g">499.00</subfield>
    <subfield code="i">WORDI/2025/CRB/2631</subfield>
    <subfield code="l">0</subfield>
    <subfield code="o">709.015 MIC B2278</subfield>
    <subfield code="p">MNVT-BK-2278</subfield>
    <subfield code="r">2026-05-14 06:58:50</subfield>
    <subfield code="v">349.30</subfield>
    <subfield code="w">2026-03-20</subfield>
    <subfield code="y">BK</subfield>
    <subfield code="z">B2278</subfield>
  </datafield>
</record>
